| 000 | 00437 a2200145 4500 | ||
|---|---|---|---|
| 999 |
_c276 _d276 |
||
| 020 | _a0582603889 | ||
| 050 | _aGB23 BUN 1984 | ||
| 100 |
_aBunnett, R. B. _eauthor |
||
| 245 |
_aPhysical geography in diagrams for Africa / _cR. B. Bunnett. |
||
| 264 |
_aEssex : _bPearson Education, _cc1984 |
||
| 300 |
_a220p. : _bill., maps. |
||
| 500 | _aIncludes index | ||
| 650 |
_aPhysical geography _xCharts, diagrams etc |
||
| 942 |
_2lcc _cBK _h23 _iBUN _kGB |
||